| 000 | 00666nam a2200193 i 4500 | ||
|---|---|---|---|
| 001 | 184140 | ||
| 003 | ES-MaACL | ||
| 005 | 20251002204540.0 | ||
| 008 | 150324s2002 sp | |||| ||spa d | ||
| 020 | _a84-95976-00-5 | ||
| 080 | _a821.134.2-14"19" | ||
| 100 | 1 |
_aJiménez, Juan Ramón, _d1881-1958 _966417 |
|
| 245 | 1 | 0 |
_aCon la rosa del mundo _b: 1896-1954 / _cJuan Ramón Jiménez ; libro transcrito y orquestado por Emilio Ríos. |
| 260 |
_aBarcelona : _bLa Poesía, Señor Hidalgo, _c[2002] |
||
| 300 |
_a243 p. ; _c23 cm. |
||
| 700 | 1 |
_aRíos, Emilio, _d1937- _9156611 |
|
| 852 |
_aES-MaACL _jL-30112 _z.- Donat. Miguel A. Velasco |
||
| 999 |
_c184140 _d184140 |
||